000 00851nam a2200253 i 4500
001 bg
100 1 _aZAWOJSKA, Aldona
245 1 0 _aZbiór zadań z ekonomii z rozwiązaniami /
_cAldona Zawojska, Alina Daniłowska.
260 _aWarszawa :
_bWydaw. SGGW [Szkoły Głównej Gospodarstwa Wiejskiego],
_c2002.
300 _a163, [1] s. :
_bil. ;
_c24 cm.
650 9 _aEkonomia
655 _aĆwiczenia i zadania dla szkół wyższych
700 1 _aDANIŁOWSKA, Alina
020 _a8372443076
020 _a8372443076
040 _cBPK
041 0 _apol
080 _a33(075.8)(076)
920 _a83-7244-307-6
920 _a83-7244-307-6
942 _cKS
008 s pl f |000 0 pol
999 _c43200
_d43200
856 _uhttp://koha.tu.koszalin.pl/cgi-bin/koha/opac-detail.pl?biblionumber=43200
_yKatalog online BPK